After beethoven : the imperative of originality in the symphony

Guardado en:
Detalles Bibliográficos
Autor principal: BONDS, Mark Evan
Formato: Libro
Lenguaje:inglés
Publicado: Havard University Press 2013
Etiquetas: Agregar Etiqueta
Sin Etiquetas, Sea el primero en etiquetar este registro!

MARC

LEADER 00000nam a22000007a 4500
008 240405b |||||||| |||| 00| 0 eng d
020 |a 9780674733374 
100 |a BONDS, Mark Evan  
245 |a After beethoven  |b : the imperative of originality in the symphony  |c /Mark Evan Bonds  |g 212p ;ill 
260 |b Havard University Press  |c 2013  |h Cambridge  |i 700969  |i 700970  |l ML1255.B64  |m Symphony-19th century  |m Orignality 
500 |a it includes references and index 
942 |a lcc  |c BK  |e Johnson  |f 05/04/24 
952 |0 0  |1 0  |2 lcc  |4 0  |6 ML1255 B64  |7 0  |9 5034  |a ART  |b HOL  |c AF  |d 2024-04-05  |l 0  |o ML1255.B64  |p 2024-0284  |r 2024-04-05 00:00:00  |t 700969  |w 2024-04-05  |y BK 
952 |0 0  |1 0  |2 lcc  |4 0  |6 ML1255 B64  |7 0  |9 5035  |a HOL  |b HOL  |c AF  |d 2024-04-05  |l 0  |o ML1255.B64  |p 2024-0285  |r 2024-04-05 00:00:00  |t 700970  |w 2024-04-05  |y BK 
999 |c 2500  |d 2500